Statistics for Name all members of Kep1er

Click here to take the quiz!

General Stats

  • This quiz has been taken 61 times
  • The average score is 8 of 9

Answer Stats

Members% Correct
Xiaoting
98%
Chaehyun
88%
Hikaru
88%
Yujin
88%
Bahiyyih
83%
Dayeon
83%
Mashiro
83%
Yeseo
83%
Youngeun
83%

Score Distribution

Percentile by Number Answered

Percent of People with Each Score

Your Score History

You have not taken this quiz